A-Z Band Names: 2000's - Statistics

General Stats
  • This quiz has been taken 184 times
    151 since last reset
  • The average score is 6 of 26
Answer Stats
Song Title/Year Answer % Correct
G 'Wake Me Up When September Ends' (2004) Green Day
87%
U 'Beautiful Day' (2000) U2
81%
P 'Hey There Delilah' (2006) Plain White T's
71%
S 'Chasing Cars' (2006) Snow Patrol
60%
C 'Speed Of Sound' (2005) Coldplay
42%
K 'Ruby' (2007) Kaiser Chiefs
40%
Q 'No One Knows' (2002) Queens of the Stone Age
31%
A 'When The Sun Goes Down' (2006) Arctic Monkeys
30%
Y 'Maps' (2003) Yeah Yeah Yeahs
28%
O 'The Importance Of Being Idle' (2005) Oasis
24%
H 'Hate to Say I Told You So' (2000) Hives
23%
Z 'Valerie' (2006) Zutons
23%
F 'The Dark Of The Matinée' (2004) Franz Ferdinand
19%
R 'Imitation Of Life' (2001) REM
15%
M 'First Of The Gang To Die' (2004) Morrissey
10%
X 'Islands' (2009) XX
10%
V 'Same Jeans' (2007) View
9%
W 'Dead Leaves and the Dirty Ground' (2002) White Stripes
8%
B 'No One's Gonna Love You' (2008) Band Of Horses
5%
E 'Hey Man (Now You're Really Living)' (2005) Eels
4%
I 'Love Steals Us From Loneliness' (2005) Idlewild
4%
D 'Ode To A Black Man' (2001) Dirtbombs
1%
J 'You're Speaking My Language Baby' (2002) Juliette & the Licks
1%
L 'I Collect Snails' (2008) Lovely Eggs
1%
N 'Eraser' (2008) No Age
1%
T 'Elvis' (2008) These New Puritans
1%
No matching quizzes found
Score Distribution
Percent of People with Each Score
Percentile by Number Answered
Your Score History
You have not taken this quiz since the last reset